| 000 | 01734nam a2200205 a 4500 | ||
|---|---|---|---|
| 008 | 161215t2016 ag |||g ||| 001 p spa d | ||
| 020 | _a9789874603555 | ||
| 041 | _aspa | ||
| 092 |
_c808 _l53 _sMOS |
||
| 100 | 1 |
_aMoscardi, Matías _93315 |
|
| 245 |
_aMáquina de hacer libritos. _bPoesía argentina y editoriales independientes en la década de los noventa / _cMatías Moscardi |
||
| 250 | _a1a ed. | ||
| 260 |
_aMar del Plata: _bPuente Aéreo Ediciones; _c2016. |
||
| 300 |
_a336 p. _c14x20 cm. |
||
| 500 | _aMoscardi, M. (2016). La máquina de hacer libritos. Poesía Argentina y editoriales independientes en la década de los noventa. (1a ed.). Buenos Aires : Puente Aéreo Ediciones. | ||
| 505 | _aParece una fantasía, pero en Argentina se juntan dos o tres poetas y nace una nueva editorial. Las voces se multiplican, se confunden y la máquina de libros no para de girar...Papeles impresos que el viento lleva de acá para allá, tapas de colores, o en blanco y negro (el viento no lee ni entiende nada, sólo sabe pasar las hojas), pero con este libro puntual y necesario de Matías Moscardi tal vez aprenda, como un niño haciendo puntas de pie junto a una vieja impresora, cómo fue la historia de las editoriales que inventaron una nueva forma de darle vida a la poesía y a la edición de una época dura. Aquí están todos los héroes de la edición independiente, hablando de cómo fue lo que pasó. Moscardi analiza, yuxtapone, describe y ordena con una prosa que mucho le debe a sus ejercicio de poeta y pone a girar la máquina de la poesía, de la felicidad, otra vez. | ||
| 590 | _aProyecto 4to libro. Donación Fondo Nacional de las Artes, Noviembre 2017. | ||
| 655 |
_aLiteratura _92917 |
||
| 942 |
_2ddc _cLIT |
||
| 999 |
_c2557 _d2557 |
||